Discrete mathematics and its applications, 6th edition (SYBSc CS) (Record no. 824536)

MARC details
000 -LEADER
fixed length control field 00732nam a2200229Ia 4500
008 - FIXED-LENGTH DATA ELEMENTS--GENERAL INFORMATION
fixed length control field 101110s9999 xx 000 0 und d
041 ## - LANGUAGE CODE
Language code of text/sound track or separate title ENGLISH
082 ## - DEWEY DECIMAL CLASSIFICATION NUMBER
Item number SR32034
100 ## - MAIN ENTRY--PERSONAL NAME
Personal name Rosen Kenneth H.
245 ## - TITLE STATEMENT
Title Discrete mathematics and its applications, 6th edition (SYBSc CS)
260 ## - PUBLICATION, DISTRIBUTION, ETC. (IMPRINT)
Date of publication, distribution, etc 2007
Name of publisher, distributor, etc Tata McGraw Hill publishing,co Ltd;New Delhi
300 ## - PHYSICAL DESCRIPTION
Extent 797
365 ## - TRADE PRICE
Price amount 425
520 ## - SUMMARY, ETC.
Summary, etc Stats/Maths
520 ## - SUMMARY, ETC.
Summary, etc Tranfered to Computer Section, Dt. 13/7/09
546 ## - LANGUAGE NOTE
Language note ENGLISH
630 ## - SUBJECT ADDED ENTRY--UNIFORM TITLE
Uniform title Discrete mathematics and its applications, 6th edition (SYBSc CS)
650 ## - SUBJECT ADDED ENTRY--TOPICAL TERM
Topical term or geographic name as entry element Stats/Maths
655 ## - INDEX TERM--GENRE/FORM
Genre/form data or focus term Stats/Maths
730 ## - ADDED ENTRY--UNIFORM TITLE
Uniform title Discrete mathematics and its applications, 6th edition (SYBSc CS)
942 ## - ADDED ENTRY ELEMENTS (KOHA)
Koha item type Book
Holdings
Withdrawn status Lost status Damaged status Not for loan Home library Current library Date acquired Source of acquisition Cost, normal purchase price Shelving control number Total Checkouts Barcode Date last seen Price effective from Koha item type
        D. B. J. College, Chiplun D. B. J. College, Chiplun   Shri Ganesh Book Services,Mumbai Invoice No.69,dt.6/07/09 425.00     DBJSR32034 11/11/2010 11/11/2010 Book